000 00777cam a2200181 4500
001 ##L136110
008 070110n 000 0 eng u
035 _a(Sirsi) u136110
041 0 _aeng
110 2 _aElectrical Contractors Association
245 0 0 _aElectrical Contractors Association
520 _aWebsite for this trade association representing the electrical installation and building services industries. Includes news and views, ECA key issues and website links. Also provides a facility to search for an ECA registered electrical contractor.
590 _aKA
651 4 _aUnited Kingdom
_y
690 _aBUILT ENVIRONMENT-ENGINEERING-ELECTRICAL ENGINEERING
856 4 0 _uhttps://www.eca.co.uk
_zView the website free of charge at www.eca.co.uk...
942 _n0
999 _c120552
_d120552